• 首页
  • 本馆介绍
  • 公告通知
  • 最新文献
  • 馆藏检索
  • 电子资源
  • 读者导购
  • 参考咨询
  • 我的图书馆
  • 登录
  • 详细信息显示
  • 放入我的书架
  • 预约/预借图书
  • 作者相关作品
  • 分类相关作品
  • 丛书相关作品
  • 出版社相关作品

书目信息

  • 表格格式
  • 工作单格式
  • 卡片格式
书名: I, Francis
作者: Carlo Carretto ; translated from the Italian by Robert R. Barr.
分册号:
分册名:
出版地: Maryknoll, N.Y. :
 
出版社: Orbis Books
出版时间: c1982.
页数: xiii, 125 p. ;
开本: 21 cm.
丛书名:
中图分类号:
科图分类号:
其他分类号: B93
主题词:
电子资源:
000 00884cam a2200277 a 450
001 E0737581188
005 20070506103229.92
008 811005s1982 nyu 000 0 eng
010    @a81016913
020    @a0883442000 (pbk.).
035    @A(DLC) 81016913
040    @aDLC@cDLC@dDLC
041 1  @aengita
050 00 @aBX4700.F6@bC327513
082 00 @a271/.3/024@2 19
090    @aB93
099    @dB93@ex16
100 1  @aCarretto, Carlo.
240 10 @aI. Francesco.@lEnglish
245 10 @aI, Francis / @cCarlo Carretto ; translated from the Italian by Robert R. Barr.
260    @aMaryknoll, N.Y. :@bOrbis Books,@cc1982.
300    @axiii, 125 p. ;@c21 cm.
500    @aTranslation of: Io Francesco.
600 00 @aFrancis,@cof Assisi, Saint,@d1182-1226.
906    @a7@bcbc@corignew@d1@eocip@f19@gy-gencatlg
991    @bc-GenColl@hBX4700.F6@iC327513@p00058151427@tCopy 1@wBOOKS
    
    I, Francis / / Carlo Carretto ; translated from the Italian by Robert R. Barr.-Maryknoll, N.Y. : : Orbis Books, , c1982.
    xiii, 125 p. ; ; 21 cm.
    Translation of: Io Francesco.
    
    ISBN 0883442000 (pbk.).
    
●
相关链接 在E读中查询图书 在五车中查询图书 在当当中查询图书 在豆瓣中查询图书


正题名:I, Francis     索取号:B93/x16         预约/预借

序号 登录号 条形码 馆藏地/架位号 状态 备注
1 6593   300065934   第二样本阅览室/ [索取号:B93/x16] 在馆    
唐山师范学院图书馆 欢迎您!
大连网信软件有限公司© 版权所有